| 000 | 00970pab a2200181 454500 | ||
|---|---|---|---|
| 008 | 180718b2009 xxu||||| |||| 00| 0 eng d | ||
| 100 | _aPrasad, Bhagwati | ||
| 245 | _aHealth care through cooperatives - A case of Yashaswini cooperative rural health care scheme | ||
| 260 | _c2009 | ||
| 300 | _ap.144-150. | ||
| 362 | _aJan-Mar | ||
| 520 | _aPunjab was the first state to usher in the Green Revolution through its network of Cooperatives. Gujarat led the White Revolution through its network of cooperative milk unions. Now, Karnataka leads the nation in Healthcare Revolution through its Yashaswini Cooperative Rural Healthcare Scheme." The scheme goes a long way to show that commitment of one individual can work wonders in ameliorating the lot of unorganised and unheard deprived sections of society. - Reproduced. | ||
| 650 | _aHealth services | ||
| 700 | _aTuran, M.S. | ||
| 773 | _aIndian Journal of Public Administration | ||
| 908 | _aN | ||
| 909 | _a82323 | ||
| 999 |
_c82323 _d82323 |
||